000 01321cam a22003495a 4500
001 12892480
003 EG-ScBUE
005 20250611094012.0
008 020813t2003 njua f b 001 0 eng d
020 _a0471241849
040 _aDLC
_beng
_erda
_cDLC
_dDLC
_dEG-ScBUE
082 0 4 _a535.2
_222
_bSHA
100 1 _aShapiro, Moshe,
_eauthor.
245 1 0 _aPrinciples of the quantum control of molecular processes /
_cMoshe Shapiro, Paul Brumer.
264 1 _aHoboken, New Jersey :
_bJohn Wiley & Sons, Inc.,
_c[2003]
264 4 _cc2003
300 _axiii, 354 pages :
_billustrations ;
_c25 cm
336 _2rdacontent
_atext
_btxt
337 _aunmediated
_2rdamedia
_bn
338 _avolume
_bnc
_2rdacarrier
504 _aIncludes bibliographical references and index.
650 7 _aQuantum optics.
_2BUEsh
_911201
650 7 _aCoherence (Optics)
_2BUEsh
650 7 _aMolecular dynamics.
_2BUEsh
653 _bGGEN
_cMarch2018
655 _vReading book
700 1 _aBrumer, Paul,
_eauthor.
856 4 2 _3Contributor biographical information
_uhttp://www.loc.gov/catdir/bios/wiley042/2002070201.html
856 4 2 _3Publisher description
_uhttp://www.loc.gov/catdir/description/wiley034/2002070201.html
856 4 1 _3Table of contents
_uhttp://www.loc.gov/catdir/toc/wiley031/2002070201.html
942 _2ddc
_cBB
999 _c26425
_d26397